LEADER 01270nam a2200277 i 4500 001 000000154075 003 CaOOAMICUS 005 20061023000000.0 008 061023s2006 it u000 u ita u 013 $a131421 020 $a88-8025-524-X 040 $aSeMil$bita 100 1 $aMartini, Carlo Maria,$c.$0(OLS)http://semarc/name/89159 245 13$aIl mio Novecento /$cCarlo Maria Martini ; testo tratto da Il mio Novecento di Rai Tre a cura di Luigi Bizzarri e Nicola Vicenti. 260 $aMilano :$bCentro Ambrosiano,$c2006. 300 $a84 p. ;$cricc. ill. ;$c23 cm. 500 $aContiene : Biografia. 650 4$aMartini, Carlo Maria - Biografie.$0(OLS)http://semarc/subject/23756 700 1 $aVicenti, Nicola.$0(OLS)http://semarc/name/60281 700 1 $aBizzarri, Luigi.$0(OLS)http://semarc/name/60280 850 $aSeMil 852 $aSeMil$W1$xVenegono$y1$m2F II 516$j105938$B105938$CSeMilBibl$Z2$F115163 $81 961 $aAcquisto: IBS - Internet Bookshop Italia 996 $6020$a88-8025-524-X$9(OLS)http://semarc/number/143965 996 $6245$aIl mio Novecento$9(OLS)http://semarc/title/225445 996 $6260$aMilano :$bCentro Ambrosiano$9(OLS)http://semarc/publisher/29766 LEADER 00923nam a2200205 i 4500 001 000000107155 003 CaOOAMICUS 005 20101118000000.0 008 101118s1950 gw u000 u ger u 013 $a79371 040 $aSeMil$bita 245 10$aKölner Domjubiläum 1948 :$bDokumentband /$cherausgegeben vom Kölner Metropolitan-Kapitel. 260 $aDüsseldorf :$bL. Schwann,$c1950. 300 $a113, [12] p. di tav. :$bill. (b/n) ;$c30 cm. 650 4$aColonia - Chiese - Cattedrale dei Santi Pietro e Maria (Duomo).$0(OLS)http://semarc/subject/24031 700 1 $aColonia : Diocesi.$0(OLS)http://semarc/name/45075 850 $aSeMil 852 $aSeMil$W1$xVenegono$y1$m3G VI 71$j63251$B63251$CSeMilBibl$Z2$F156561 $81 996 $6245$aKölner Domjubiläum 1948 :$bDokumentband$9(OLS)http://semarc/title/155412 996 $6260$aDüsseldorf :$bL. Schwann$9(OLS)http://semarc/publisher/31430